[Event "CHI-ch Women 2020"]
[Site "Las Condes"]
[Date "2020.02.14"]
[Round "4.9"]
[White "Melin Contreras, Valeria"]
[Black "Reyes Jara, Paula"]
[Result "1-0"]
[WhiteElo "1685"]
[BlackElo "1860"]
[Annotator "NA RC"]
[PlyCount "65"]
[EventDate "2020.02.11"]
[EventType "tourn"]
[EventCountry "CHI"]
[SourceTitle "playchess.com"]
[Source "ChessBase"]
[SourceQuality "1"]
[TimeControl "5400+30"]

{[%evp 13,62,-14,3,-5,32767,32767,32767,32767,32767,32767,32767,32767,32767,32767,18,32767,32767,0,487,32767,32767,32767,32767,644,32767,862,32767,32767,1153,32767,32767,32767,32767,32767,1804,1530,1906,2077,1983,2188,1944,29980,6283,29990,29990,29991,29991,29992,29995,29992,29992]} 1. e4 {[%emt 0:00:30]} e5 {[%emt 0:00:00]} 2. Nf3 {[%emt 0:00:48]} Nc6 {[%emt 0:00:09]} 3. c3 {[%emt 0:00:15]} Nf6 {[%emt 0:00:52]} 4. d4 {[%emt 0:00:15]} exd4 {[%emt 0:02:53]} 5. e5 {[%emt 0:00:26]} Nd5 {[%emt 0:04:43]} 6. cxd4 {[%emt 0:00:43]} Bb4+ {[%emt 0:00:19]} 7. Bd2 {[%emt 0:01:19]} Bxd2+ {[%emt 0:00:33]} 8. Qxd2 {[%emt 0:05:49]} Qe7 {[%emt 0:00:51] C44: Ponziani Opening and Scotch Gambit.} 9. Bc4 {[%emt 0:05:01]} Nb6 {[%emt 0:01:51]} 10. Bb3 {[%emt 0:01:45]} O-O {[%emt 0:04:36]} 11. O-O {[%emt 0:00:28]} d6 {[%emt 0:00:35]} 12. Re1 {[%emt 0:01:49]} Bg4 {[%emt 0:02:25] [#]} 13. Ng5 $146 {[%emt 0:14:29]} ({Predecessor:} 13. exd6 Qxd6 14. Ne5 Nxe5 15. dxe5 Qg6 16. Bc2 f5 17. Kh1 Rad8 18. Qc3 c6 19. e6 {0-1 (67) Muhren,Y-Hommes,E Hengelo 2002}) 13... Nxd4 {[%emt 0:16:39]} ({Better is} 13... h6 $15 14. Ne4 dxe5 15. dxe5 Qxe5) 14. Bxf7+ {[%emt 0:25:23]} Kh8 {[%emt 0:00:52]} 15. Re4 {[%emt 0:08:24]} Ne6 $2 {[%emt 0:14:12]} (15... dxe5 $11 16. Rxg4 Rad8) 16. Bxe6 {[%emt 0:06:23]} Bxe6 {[%emt 0:00:19]} 17. exd6 {[%emt 0:00:38]} Qd7 {[%emt 0:11:49]} 18. Rxe6 {[%emt 0:00:54]} Rf5 {[%emt 0:00:20]} 19. Re7 {[%emt 0:01:43]} Qb5 {[%emt 0:00:43]} 20. Nf7+ {[%emt 0:02:40]} Kg8 {[%emt 0:00:59]} 21. Nc3 {[%emt 0:05:26]} Qc5 {[%emt 0:02:51]} 22. Ne4 {[%emt 0:01:30]} Qb5 {[%emt 0:05:09]} 23. a4 {[%emt 0:06:14]} Qd5 {[%emt 0:07:08] [#]} 24. Nh6+ $1 {[%emt 0:03:54]} gxh6 {[%emt 0:09:04]} 25. Qxh6 {[%emt 0:00:08]} Qf7 {[%emt 0:01:21]} 26. Rxf7 {[%emt 0:00:33]} (26. Ra3 $142 Kh8 {[#]} 27. Ng5 $1 {[%mdl 512]} Rxg5 28. Rxf7 Rxg2+ 29. Kxg2 Rg8+ 30. Kf1 $1 {[%mdl 512]} Rg1+ 31. Kxg1 cxd6 32. Qxh7#) 26... Rxf7 {[%emt 0:00:05]} 27. Ng5 {[%emt 0:00:46]} Rg7 {[%emt 0:00:54]} 28. Re1 {[%emt 0:00:45]} cxd6 {[%emt 0:00:50]} 29. Qe6+ {[%emt 0:00:14]} Kh8 {[%emt 0:00:38]} 30. Nf7+ {[%emt 0:00:14]} Kg8 {[%emt 0:00:07]} 31. Nxd6+ {[%emt 0:00:28]} Kh8 {[%emt 0:00:14]} 32. Nf5 {[%emt 0:00:43]} Rd7 {[%emt 0:01:05]} 33. Qe8+ {[%emt 0:00:29]} 1-0

[Event "CHI-ch Women 2020"]
[Site "Las Condes"]
[Date "2020.02.14"]
[Round "4.10"]
[White "Sanchez Tobar, Francisca Valentina"]
[Black "Abarca Gonzalez, Damaris"]
[Result "1/2-1/2"]
[WhiteElo "1757"]
[BlackElo "2056"]
[Annotator "TA"]
[PlyCount "82"]
[EventDate "2020.02.11"]
[EventType "tourn"]
[EventCountry "CHI"]
[SourceTitle "playchess.com"]
[Source "ChessBase"]
[SourceQuality "1"]

{[%evp 17,82,-4,0,-9,22,16,0,0,18,0,0,0,0,0,2,0,0,0,16,-14,-7,-6,-7,-10,0,-14,5,0,0,0,7,12,7,9,8,11,5,5,8,11,87,93,100,72,91,0,0,0,0,0,0,0,0,0,0,0,0,0,8,0,13,13,13,10,12,12,8]} 1. e4 e5 2. Nf3 Nc6 3. Nc3 Nf6 4. d4 exd4 5. Nxd4 Bb4 6. Nxc6 bxc6 7. Bd3 d5 8. exd5 cxd5 9. O-O O-O 10. h3 {C47: Scotch Four Knights and Four Knights with 4 g3.} h6 11. Qf3 c6 12. Bf4 Bd6 13. Ne2 Bxf4 14. Qxf4 {[#]} c5 $146 ({Predecessor:} 14... Qb6 15. b3 Re8 16. Ng3 c5 17. Rfe1 Bd7 18. Qd2 Qc7 19. Rxe8+ Rxe8 20. Re1 Rxe1+ 21. Qxe1 {1-0 (42) Hnydiuk,A (2400)-Czakon,J (2485) Chorzow 2013}) 15. b3 Re8 16. Ng3 Qa5 17. Rfd1 Bd7 18. Nf1 (18. c4 {feels hotter.} Qb4 19. a3 Qxb3 20. cxd5 Qa4 21. Bc4) 18... Qc3 19. Qd2 Qxd2 20. Nxd2 a5 21. Re1 Nh5 22. Be2 Nf4 23. Bf3 Ra6 24. Rxe8+ Bxe8 25. g3 Nxh3+ 26. Kg2 Ng5 27. Bxd5 Rd6 28. Re1 Bc6 (28... Kf8 $11 {remains equal.} 29. c4 Bc6) 29. Bxc6 $16 {[#] Threatens to win with Re8+.} Rxd2 {[%mdl 4096] Endgame KRB-KRN} 30. Re8+ Kh7 31. Be4+ (31. Bb5 $16) 31... Nxe4 $11 {The position is equal.} 32. Rxe4 {With the idea Rc4.} Rxc2 {KR-KR} 33. Ra4 g5 34. Rxa5 Kg6 35. a4 h5 36. Rb5 c4 37. b4 c3 38. Rc5 Rb2 39. Rxc3 {[#] Rc6+ is the strong threat.} Rxb4 40. Ra3 Rb6 $1 41. a5 Ra6 {Accuracy: White = 92%, Black = 92%.} 1/2-1/2

[Event "CHI-ch Women 2020"]
[Site "Las Condes"]
[Date "2020.02.15"]
[Round "5"]
[White "Abarca Gonzalez, Damaris"]
[Black "Hormazabal Figueroa, Constanza Valentina"]
[Result "*"]
[WhiteElo "2056"]
[BlackElo "1786"]
[Annotator "TA"]
[PlyCount "31"]
[EventDate "2020.02.11"]
[EventType "tourn"]
[EventCountry "CHI"]
[SourceTitle "playchess.com"]
[Source "ChessBase"]
[SourceQuality "1"]

{[%evp 12,18,0,-3,19,0,0,-5,-5]} 1. e4 c6 2. d4 d5 3. e5 c5 4. c3 Nc6 5. Nf3 Bg4 6. Be2 e6 7. O-O {The position is equal.} cxd4 {B12: Caro-Kann: Advance Variation.} 8. Nxd4 Bxe2 9. Qxe2 Nge7 {[#]} {Predecessor:} 10. Nd2 $146 Nxd4 11. cxd4 Nc6 12. Nf3 Qb6 13. Be3 Be7 14. a3 a5 15. Rac1 O-O 16. Qd3 {½-½ (74) Chalus,K (2077)-Villegas,P (2295) Pardubice 2017} *

[Event "CHI-ch Women 2020"]
[Site "Las Condes"]
[Date "2020.02.15"]
[Round "5"]
[White "Gomez Barrera, Javiera Belen"]
[Black "Melin Contreras, Valeria"]
[Result "*"]
[WhiteElo "2051"]
[BlackElo "1685"]
[Annotator "TA"]
[PlyCount "28"]
[EventDate "2020.02.11"]
[EventType "tourn"]
[EventCountry "CHI"]
[SourceTitle "playchess.com"]
[Source "ChessBase"]
[SourceQuality "1"]

{[%evp 10,15,87,84,80,82,107,97]} 1. e4 e5 2. Nf3 d6 3. d4 Bg4 4. dxe5 Nd7 5. exd6 Bxd6 6. Nc3 {White is better.} Ngf6 {C41: Philidor Defence.} 7. Be2 Qe7 {[#]} 8. Nd4 $1 {[#]} {Predecessor:} Bxe2 $146 9. Qxe2 Bb4 10. O-O Bxc3 11. bxc3 O-O 12. f3 Qc5 13. Qe3 Rfe8 14. Nf5 Rad8 {1-0 (27) Mareco,S (2591)-Tristan,L (2444) Buenos Aires 2011} *

[Event "CHI-ch Women 2020"]
[Site "Las Condes"]
[Date "2020.02.15"]
[Round "5"]
[White "Morales Flores, Monserrat"]
[Black "Zuniga Lara, Catalina Paz"]
[Result "*"]
[WhiteElo "1955"]
[BlackElo "1712"]
[Annotator "TA"]
[PlyCount "36"]
[EventDate "2020.02.11"]
[EventType "tourn"]
[EventCountry "CHI"]
[SourceTitle "playchess.com"]
[Source "ChessBase"]
[SourceQuality "1"]

{[%evp 9,13,51,57,44,46,47]} 1. e4 g6 2. d4 Bg7 3. Nf3 d6 4. Nc3 Nd7 5. Be2 c6 6. a4 {B08: Pirc Defence: Classical System.} Ngf6 7. O-O {[#]} {Predecessor:} O-O $146 8. Bf4 Qc7 9. e5 Nh5 10. exd6 exd6 11. Be3 d5 12. Ne1 Nhf6 13. Nd3 Ne4 14. Bf4 Qb6 15. Ne5 Nxe5 16. Bxe5 Bxe5 17. dxe5 Qxb2 18. Nxe4 dxe4 {0-1 (26) Moskalenko,A (2531)-Sjugirov,S (2650) Sochi 2017} *

[Event "CHI-ch Women 2020"]
[Site "Las Condes"]
[Date "2020.02.15"]
[Round "5.6"]
[White "Abarca Gonzalez, Damaris"]
[Black "Hormazabal Figueroa, Constanza Valentina"]
[Result "1-0"]
[WhiteElo "2056"]
[BlackElo "1786"]
[Annotator "TA"]
[PlyCount "95"]
[EventDate "2020.02.11"]
[EventType "tourn"]
[EventCountry "CHI"]
[SourceTitle "playchess.com"]
[Source "ChessBase"]
[SourceQuality "1"]

{[%evp 12,95,0,0,0,0,0,0,9,-8,-8,-10,-18,-33,-17,-30,-29,-25,0,-5,-11,-3,-13,-12,-11,-25,-17,-70,30,27,58,72,129,37,72,74,92,93,76,0,0,0,0,0,0,0,0,-25,-26,-21,-20,-25,-4,-4,0,0,0,0,0,0,6,0,0,0,1171,783,616,0,1177,0,12838,12839,12839,12839,12841,12841,12842,12842,12843,12843,12843,12843,12846,12846,29988,29989]} 1. e4 c6 2. d4 d5 3. e5 c5 4. c3 Nc6 5. Nf3 Bg4 6. Be2 e6 7. O-O cxd4 {B12: Caro-Kann: Advance Variation.} 8. Nxd4 Bxe2 9. Qxe2 Nge7 {[#] The position is equal.} 10. Kh1 $146 ({Predecessor:} 10. Nd2 Nxd4 11. cxd4 Nc6 12. Nf3 Qb6 13. Be3 Be7 14. a3 a5 15. Rac1 O-O 16. Qd3 {½-½ (74) Chalus,K (2077)-Villegas,P (2295) Pardubice 2017}) 10... Nxd4 11. cxd4 Nf5 12. Be3 Be7 13. Nc3 {[%cal Bb1c3,Bc3b5,Bb5c7][%mdl 32]} h5 14. Rac1 Rc8 15. Nb5 a6 {Hoping for ...Rxc1.} 16. Rxc8 Qxc8 17. Rc1 Qd7 18. Nc7+ Kf8 19. Qd3 (19. b4 $11) 19... Bd8 (19... Kg8 $15 20. Qb3 Kh7) 20. Qb3 $1 $11 Nxe3 21. fxe3 Qc8 ({Of course not} 21... Bxc7 22. Qxb7 Kg8 23. Kg1 $18 (23. Qxc7 Qb5 $16) (23. Rxc7 Qa4 $16)) (21... g5 $142) 22. Qc3 (22. Rc3 $16) 22... Qd7 23. Qb4+ {[%mdl 64] Double Attack} Kg8 24. Qxb7 Kh7 25. Qc6 ({White should try} 25. Qb3 $16) 25... Qxc6 $1 26. Rxc6 {[%mdl 4096] Endgame KRB-KRN} Bg5 27. Rc3 Rb8 28. b3 Rc8 29. Kg1 {And now Kf2 would win.} Bxe3+ $1 30. Rxe3 Rxc7 {KR-KR} 31. Kf2 $1 Rc2+ 32. Re2 Rc3 33. Ke1 Kg6 34. Kd2 Rc7 35. Re3 Kf5 36. Rc3 Rxc3 37. Kxc3 {KP-KP} f6 $2 {[%mdl 8192]} (37... Ke4 $11) 38. exf6 $18 gxf6 39. b4 $2 ({White must play} 39. Kd3 $18 {aiming for a4.} e5 40. a3) 39... e5 $2 {[%mdl 8192] [#]} (39... Ke4 $11) 40. a4 $2 (40. dxe5 $1 $18 fxe5 41. Kd3 e4+ 42. Kd4) 40... Ke6 $2 {[%mdl 8192] [#]} (40... Ke4 $11) 41. dxe5 $1 fxe5 42. Kd3 Kd6 43. g3 e4+ 44. Kd4 Ke6 45. h3 Kf5 46. b5 {[%cal Bb4b5,Bb5b6][%mdl 32]} h4 47. gxh4 Kf4 48. b6 {Accuracy: White = 79%, Black = 66%.} 1-0

[Event "CHI-ch Women 2020"]
[Site "Las Condes"]
[Date "2020.02.15"]
[Round "5.7"]
[White "Reyes Jara, Paula"]
[Black "Sanchez Tobar, Francisca Valentina"]
[Result "1/2-1/2"]
[WhiteElo "1860"]
[BlackElo "1757"]
[Annotator "NA RC"]
[PlyCount "48"]
[EventDate "2020.02.11"]
[EventType "tourn"]
[EventCountry "CHI"]
[SourceTitle "playchess.com"]
[Source "ChessBase"]
[SourceQuality "1"]
[TimeControl "5400+30"]

1. e4 {[%emt 0:00:00]} e5 {[%emt 0:02:46]} 2. Nf3 {[%emt 0:00:01]} Nc6 {[%emt 0:00:10]} 3. Bb5 {[%emt 0:00:32]} g6 {[%emt 0:01:02]} 4. Nc3 {[%emt 0:01:03]} Bg7 {[%emt 0:00:18]} 5. d3 {[%emt 0:01:38]} Nge7 {[%emt 0:01:15]} 6. Bg5 {[%emt 0:03:17]} h6 {[%emt 0:02:05]} 7. Be3 {[%emt 0:00:12]} a6 {[%emt 0:00:22]} 8. Bxc6 {[%emt 0:01:34]} Nxc6 {[%emt 0:00:43]} 9. Qd2 $15 {[%emt 0:03:31]} d6 {[%emt 0:07:00]} 10. O-O-O {[%emt 0:07:48]} Bg4 {[%emt 0:03:35]} 11. h3 {[%emt 0:05:42]} Bxf3 {[%emt 0:02:07]} 12. gxf3 {[%emt 0:03:19]} Qd7 {[%emt 0:00:11]} 13. f4 {[%emt 0:00:40]} O-O-O {[%emt 0:02:01]} 14. Nd5 {[%emt 0:03:37]} Ne7 {[%emt 0:09:56]} 15. c4 {[%emt 0:06:18]} Kb8 {[%emt 0:11:26]} 16. fxe5 {[%emt 0:19:12]} dxe5 {[%emt 0:00:23]} 17. Bc5 {[%emt 0:04:36]} Nxd5 {[%emt 0:10:49]} 18. exd5 {[%emt 0:00:26]} c6 {[%emt 0:00:36]} 19. d6 {[%emt 0:04:30]} Qe6 {[%emt 0:08:04]} 20. Qa5 {[%emt 0:04:53]} Rxd6 {[%emt 0:12:08]} 21. Bxd6+ {[%emt 0:00:16]} Qxd6 {[%emt 0:00:02]} 22. Qb6 {[%emt 0:01:51]} h5 {[%emt 0:01:46]} 23. Kc2 {[%emt 0:04:19]} Qe6 {[%emt 0:02:46]} 24. Rde1 {[%emt 0:07:43]} Qf5 {[%emt 0:01:59]} 1/2-1/2

[Event "CHI-ch Women 2020"]
[Site "Las Condes"]
[Date "2020.02.15"]
[Round "5.8"]
[White "Gomez Barrera, Javiera Belen"]
[Black "Melin Contreras, Valeria"]
[Result "1-0"]
[WhiteElo "2051"]
[BlackElo "1685"]
[Annotator "TA"]
[PlyCount "87"]
[EventDate "2020.02.11"]
[EventType "tourn"]
[EventCountry "CHI"]
[SourceTitle "playchess.com"]
[Source "ChessBase"]
[SourceQuality "1"]

{[%evp 10,87,89,82,72,81,108,108,116,112,148,115,112,117,120,98,134,-16,123,105,126,120,108,108,108,112,114,113,110,94,250,247,368,349,358,263,510,508,508,508,508,508,504,502,528,533,542,531,635,639,650,643,637,633,749,749,800,837,959,952,931,921,1059,974,1210,1161,12837,12825,12837,1978,6167,6123,2991,2729,2542,2197,1783,1789,1948,1681]} 1. e4 e5 2. Nf3 d6 3. d4 Bg4 4. dxe5 Nd7 5. exd6 Bxd6 6. Nc3 Ngf6 {C41: Philidor Defence.} 7. Be2 Qe7 8. Nd4 Bxe2 {White is better.} ({But not} 8... Nxe4 $2 9. Nxe4 Qxe4 10. f3 $18) 9. Qxe2 {And now Nf5 would win.} g6 10. Ndb5 Be5 11. f4 Bxc3+ 12. Nxc3 O-O-O {[#] and if ...Nxe4 works, Black does fine.} 13. Bd2 $146 (13. e5 $16 Rhe8 14. O-O) ({Predecessor:} 13. e5 Nh5 14. O-O Ng7 15. Qf2 Nb6 16. a4 Kb8 17. a5 Nc8 18. Qf3 a6 19. Be3 {½-½ (71) Schubert,H (2070)-Wiese,H (2165) Reykjavik 1998}) 13... Nc5 (13... Nxe4 $1 $11 14. Nxe4 Rhe8) 14. e5 $36 {[%mdl 2048] White is really pushing.} Nd5 15. O-O-O Qe6 16. Kb1 Nxc3+ 17. Bxc3 Na4 18. Bd4 Rd5 19. c4 Ra5 $2 (19... Rd7 $16 {was called for.}) 20. b3 $18 c5 (20... Nb6 {is a better defense.} 21. Rd3 Kb8) 21. Ba1 ({Not} 21. bxa4 cxd4 22. Rxd4 Rxa4 $16) 21... Nb6 22. Qd3 Nd7 $2 {[#]} (22... Re8 {was necessary.} 23. Rd2 Kb8) 23. Qxd7+ $1 {[%mdl 512] White is clearly winning.} Qxd7 24. Rxd7 Kxd7 {[#]} 25. e6+ $1 {[%mdl 576] Discovered Attack} Kxe6 {Hoping for ...Rd8.} 26. Bxh8 {[%mdl 4096] Endgame KRB-KR} Ra6 27. Be5 Rc6 28. g4 f6 29. Bc3 Rd6 30. Re1+ Kf7 31. Kc2 a6 32. f5 b5 33. Rd1 Rc6 34. Rd7+ Kg8 35. Re7 b4 36. Bb2 gxf5 37. gxf5 Kf8 38. Rxh7 a5 39. h4 a4 40. bxa4 Ra6 41. Rc7 Rxa4 42. Kb3 Ra6 43. Rxc5 Rd6 44. Rd5 {Accuracy: White = 87%, Black = 45%.} 1-0

[Event "CHI-ch Women 2020"]
[Site "Las Condes"]
[Date "2020.02.15"]
[Round "5.9"]
[White "Morales Flores, Monserrat"]
[Black "Zuniga Lara, Catalina Paz"]
[Result "1-0"]
[WhiteElo "1955"]
[BlackElo "1712"]
[Annotator "TA"]
[PlyCount "67"]
[EventDate "2020.02.11"]
[EventType "tourn"]
[EventCountry "CHI"]
[SourceTitle "playchess.com"]
[Source "ChessBase"]
[SourceQuality "1"]

{[%evp 20,67,33,-2,40,28,50,50,51,38,105,97,84,58,197,194,204,146,135,137,112,114,223,231,227,231,380,393,397,391,430,424,424,410,860,860,850,842,851,838,839,827,1001,998,3435,1785,5700,5381,5302,4926]} 1. e4 g6 2. d4 Bg7 3. Nf3 d6 4. Nc3 Nd7 5. Be2 c6 6. a4 Ngf6 7. O-O O-O 8. h3 e5 9. dxe5 dxe5 10. Be3 Qe7 11. Bc4 Qb4 {B08: Pirc Defence: Classical System.} 12. Qd3 Nc5 13. Qd6 Qxc4 {White is slightly better.} 14. Nxe5 {[#]} Qb4 $146 ({Black should try} 14... Qe6 $14 15. Bxc5 Re8) ({Predecessor:} 14... Qe6 15. Bxc5 Qxd6 16. Bxd6 Re8 17. Rfe1 Nh5 18. Nf3 Bxc3 19. bxc3 f6 20. a5 Rd8 {½-½ (81) Hughes,H (2194)-Goodger,M (2162) Port Erin 2005}) 15. Bxc5 $16 Qxb2 16. Qd3 Nd5 (16... Nxe4 $1 $14 17. Bxf8 (17. Nxe4 Qxe5 18. Bxf8 Bxf8 $14) (17. Qxe4 Qxc3 {[%mdl 64] Double Attack} 18. Bxf8 Bf5 $11) 17... Bxf8 18. Nxe4 Qxe5) 17. exd5 Bxe5 18. Bxf8 {[#] And now Ne2 would win.} Qxc3 19. Qxc3 Bxc3 20. Ra3 Kxf8 (20... Bf6 $16) 21. Rxc3 $18 cxd5 $16 {[%mdl 4096] Endgame KRR-KRB} 22. Rc7 Rb8 (22... b6 {was called for.} 23. a5 bxa5) 23. Rd1 $18 Be6 24. Rb1 Bf5 25. Rbxb7 Rxb7 26. Rxb7 Bxc2 (26... a6 $142 27. c3 Kg7) 27. Rxa7 {KR-KB. White is clearly winning.} d4 28. Kf1 Bd3+ 29. Ke1 Ke8 30. a5 {[%cal Ba4a5,Ba5a6,Ba6a7][%mdl 32]} h5 31. f3 Bc4 32. a6 Kd8 33. Ra8+ Kc7 34. a7 {Accuracy: White = 94%, Black = 26%.} 1-0

[Event "CHI-ch Women 2020"]
[Site "Las Condes"]
[Date "2020.02.15"]
[Round "5.10"]
[White "Luna Benalcazar, Gianella"]
[Black "Fuentes Inzunza, Lesly"]
[Result "0-1"]
[WhiteElo "1756"]
[BlackElo "1851"]
[Annotator "NA RC"]
[PlyCount "76"]
[EventDate "2020.02.11"]
[EventType "tourn"]
[EventCountry "CHI"]
[SourceTitle "playchess.com"]
[Source "ChessBase"]
[SourceQuality "1"]
[TimeControl "5400+30"]

1. d4 {[%emt 0:00:00]} d5 {[%emt 0:04:31]} 2. c4 {[%emt 0:00:35]} e6 {[%emt 0:00:15]} 3. Nc3 {[%emt 0:00:05]} Be7 {[%emt 0:00:28]} 4. Nf3 {[%emt 0:00:27]} Nf6 {[%emt 0:00:20]} 5. Bg5 {[%emt 0:00:28]} O-O {[%emt 0:01:03]} 6. Qc2 {[%emt 0:01:19]} h6 $11 {[%emt 0:03:01]} 7. Bxf6 {[%emt 0:00:23]} Bxf6 {[%emt 0:00:18]} 8. e3 {[%emt 0:00:40]} b6 {[%emt 0:18:08]} 9. cxd5 {[%emt 0:02:05]} exd5 {[%emt 0:00:24]} 10. Bd3 {[%emt 0:05:43]} Bb7 {[%emt 0:01:39]} 11. g4 {[%emt 0:05:19]} c5 {[%emt 0:04:06]} 12. O-O-O {[%emt 0:05:42]} cxd4 {[%emt 0:06:15]} 13. exd4 {[%emt 0:00:24]} Qd6 {[%emt 0:18:20]} 14. Qd2 {[%emt 0:06:55]} Nc6 {[%emt 0:09:14]} 15. Bb5 {[%emt 0:06:48]} Bc8 {[%emt 0:07:29]} 16. Rdg1 {[%emt 0:07:54]} Nxd4 {[%emt 0:02:56]} 17. Qe3 {[%emt 0:20:30]} Nxb5 {[%emt 0:03:24]} 18. Nxb5 {[%emt 0:01:42]} Qb4 {[%emt 0:00:42]} 19. Nbd4 {[%emt 0:02:42]} Ba6 {[%emt 0:02:24]} 20. Kb1 {[%emt 0:04:33]} Rfe8 {[%emt 0:00:33]} 21. Qb3 {[%emt 0:04:23]} Qxb3 {[%emt 0:00:20]} 22. axb3 {[%emt 0:01:15]} Bd3+ {[%emt 0:00:10]} 23. Kc1 {[%emt 0:03:18]} Be4 {[%emt 0:00:12]} 24. Kd2 {[%emt 0:03:04]} Bxd4 {[%emt 0:00:46]} 25. Nxd4 {[%emt 0:00:06]} Bxh1 {[%emt 0:00:16]} 26. Rxh1 {[%emt 0:00:05]} Re4 {[%emt 0:00:29]} 27. Nf5 {[%emt 0:01:42]} Rxg4 {[%emt 0:02:37]} 28. Ne3 {[%emt 0:02:32]} Rf4 {[%emt 0:01:09]} 29. Rf1 {[%emt 0:00:53]} Rd8 {[%emt 0:00:49]} 30. f3 {[%emt 0:01:01]} h5 {[%emt 0:00:57]} 31. Ng2 {[%emt 0:01:14]} Rb4 {[%emt 0:01:48]} 32. Rf2 {[%emt 0:05:46]} Rxb3 {[%emt 0:01:56]} 33. Kc2 {[%emt 0:00:13]} Rb4 {[%emt 0:00:41]} 34. Kc3 {[%emt 0:00:52]} a5 {[%emt 0:00:07]} 35. Rd2 {[%emt 0:00:22]} d4+ {[%emt 0:00:33]} 36. Kd3 {[%emt 0:00:32]} Rb3+ {[%emt 0:00:34]} 37. Ke4 {[%emt 0:00:17]} Re8+ {[%emt 0:00:35]} 38. Kf4 {[%emt 0:01:43]} d3 {[%emt 0:00:27]} 0-1